000 01385 a2200277 4500
001 42303
005 20260407155712.0
008 260407a2017 arg spa d
003 AR-UNSa-BCEJYS
040 _aAR-UNSa-BCEJYS
_bspa
_cAR-UNSa-BCEJYS
080 _a336.226.3
_xImpuestos por el uso de los ingresos. Impuestos al consumo. IVA
245 1 0 _aImpuesto al valor agregado
_pexplicado y comentado
020 _a978-987-01-1991-3
250 _a10a. ed.
264 1 _aBuenos Aires :
_bErrepar
_c2017
300 _ax, 176 p.
_c27 cm.
505 _a1. Aspectos teóricos de la imposición al consumo - 2. Estructura de la Ley en la legislación argentina - 3. Venta de cosas muebles - 4. Obras, locaciones y prestaciones de servicios gravados - 5. Importación definitiva de cosas muebles - 6. Importación de servicios - 7. Exenciones - 8. Base imponible.L:10 - 9. Alícuotas - 10. Débito fiscal - 11. Crédito fiscal - 12. Declaración jurada - 13. Operatorias en las que la determinación del impuesto ofrece características especiales
041 _aspa
942 _cBK
590 _aniveau_biblio:m niveau_hierar:0
100 1 _aCeldeiro, Ernesto Carlos
700 1 _aImirizaldu, Juan José
700 1 _aGómez, María Celeste
700 1 _aRofrano, Omar Angel
856 4 1 _uhttps://biblioeco.unsa.edu.ar/pmb/images/libros/L126510.jpg
_yImagen de portada
_qimage/jpeg
999 _c3590
_d3590